The Waste Crisis : Landfills, Incinerators, and the Search for a Sustainable Future /

Guardat en:
Dades bibliogràfiques
Autor principal: Tammemagi, Hans Y. (autor)
Format: Llibre
Idioma:anglès
Publicat: Nueva York, EUA : Oxford University, 1999, c1999
Matèries:
Etiquetes: Afegir etiqueta
Sense etiquetes, Sigues el primer a etiquetar aquest registre!

MARC

LEADER 00000nam^a2200000^a^4500
001 000148999
005 20250521000000.0
009 20260310100046.327
020 |a 0-19-512898-2 
037 |a Acervo ITESO - Biblioteca 
041 |a ING 
082 |a 628. 4  |b TAM 
100 |a Tammemagi, Hans Y.  |e (autor) 
245 1 4 |a The Waste Crisis :  |b Landfills, Incinerators, and the Search for a Sustainable Future /  |c H.Y. Tammemagi. 
264 4 |a Nueva York, EUA :  |b Oxford University,  |c 1999, c1999 
300 |a XIV, 279 p. 
336 |a texto  |b txt  |2 rdacontenido 
337 |a sin mediación  |b n  |2 rdamedio 
338 |a volumen  |b nc  |2 rdasoporte 
649 |a XX 
650 |a Aire -  |x Purificación 
650 |a Gases 
650 |a Líquidos 
650 |a Sólidos 
650 |a Basureros 
650 |a Basura -  |x Quemado 
650 |a Basura -  |x Tratamiento y Reciclaje 
650 |a Desechos Peligrosos -  |x Tratamiento y Reciclaje 
650 |a Desechos -  |x Quemado 
650 |a Desechos -  |x Tratamiento y Reciclaje 
650 |a Contaminación Radiactiva 
650 |a Contaminación Ambiental 
650 |a Conservación y Protección Ambiental 
650 |a Calidad Ambiental 
650 |a Desarrollo Sustentable 
650 |a Ecología 
650 |a Ingeniería Química 
650 |a Ingeniería Sanitaria 
650 |a Ingeniería Ambiental -  |x Equipo y Aparatos 
910 |a Fondo General 
920 |a Impresos - Libros 
930 |a Colección General 
905 |a 101 
901 |a 0500078303  |b IT1  |c ACC  |u 20250521 
902 |a https://opac.biblio.iteso.mx/vufind/Record/000148999